The noble scholar, jurist, historian


 His Excellency Dr. Abdul Wahhab bin Ibrahim Abu Sulaiman, may Allah have mercy on him.


 He was born in Umm Al-Qura in the year 1356 AH.

كتاب سياحتي إلى الحجاز وهي حوادث واقعية للشيخ غريب بن الشيخ عجيب الهاشمي وقد حررها بيده. (Record no. 14557)

MARC details
000 -LEADER
fixed length control field 01372cam a22002771i 4500
003 - CONTROL NUMBER IDENTIFIER
control field SA-RiAUC
005 - DATE AND TIME OF LATEST TRANSACTION
control field 20260313121437.0
008 - FIXED-LENGTH DATA ELEMENTS--GENERAL INFORMATION
fixed length control field 260312s1915 xx g 000 0aara c
040 ## - CATALOGING SOURCE
Original cataloging agency SA-RiDKA
Language of cataloging ara
Transcribing agency SA-RiAUC
Description conventions rda
043 ## - GEOGRAPHIC AREA CODE
Geographic area code a-su---
082 04 - DEWEY DECIMAL CLASSIFICATION NUMBER
Classification number 915.31204
Assigning agency SA-RiAUC
090 ## - LOCALLY ASSIGNED LC-TYPE CALL NUMBER (OCLC); LOCAL CALL NUMBER (RLIN)
Classification number (OCLC) (R) ; Classification number, CALL (RLIN) (NR) م ن 915.31204
Local cutter number (OCLC) ; Book number/undivided call number, CALL (RLIN) هـ ا ش
100 1# - MAIN ENTRY--PERSONAL NAME
Personal name الهاشمي، غريب بن عجيب،
Dates associated with a name توفي بعد 1309 هجري
Relator term مؤلف.
245 10 - TITLE STATEMENT
Title كتاب سياحتي إلى الحجاز وهي حوادث واقعية للشيخ غريب بن الشيخ عجيب الهاشمي وقد حررها بيده.
246 30 - VARYING FORM OF TITLE
Title proper/short title سياحتي إلى الحجاز وهي حوادث واقعية للشيخ غريب بن الشيخ عجيب الهاشمي وقد حررها بيده
250 ## - EDITION STATEMENT
Edition statement الطبعة الأولى.
264 #1 - PRODUCTION, PUBLICATION, DISTRIBUTION, MANUFACTURE, AND COPYRIGHT NOTICE
Place of production, publication, distribution, manufacture [مكان النشر غير محدد] :
Name of producer, publisher, distributor, manufacturer [الناشر غير محدد]،
Date of production, publication, distribution, manufacture, or copyright notice 1915
300 ## - PHYSICAL DESCRIPTION
Extent 497 صفحة ؛
Dimensions 29 سم
336 ## - CONTENT TYPE
Content type term نص
Content type code txt
Source rdacontent
Materials specified كتاب
337 ## - MEDIA TYPE
Media type term بدون وسيط
Media type code n
Source rdamedia
338 ## - CARRIER TYPE
Carrier type term مجلد
Carrier type code nc
Source rdacarrier
600 17 - SUBJECT ADDED ENTRY--PERSONAL NAME
Personal name الهاشمي، غريب بن عجيب،
Dates associated with a name توفي بعد 1309 هجري
General subdivision رحلات
Geographic subdivision السعودية
-- الحجاز
Source of heading or term aucnm
651 #7 - SUBJECT ADDED ENTRY--GEOGRAPHIC NAME
Geographic name الحجاز (السعودية)
General subdivision وصف ورحلات
Source of heading or term aucsh
942 ## - ADDED ENTRY ELEMENTS (KOHA)
Source of classification or shelving scheme Dewey Decimal Classification
Koha item type كتاب مصور نادر
Suppress in OPAC No
949 ## - LOCAL PROCESSING INFORMATION (OCLC)
a SA-JeALM
d 260312
u mohamedma123
n 1
Holdings
Withdrawn status Lost status Source of classification or shelving scheme Damaged status Not for loan Home library Current library Date acquired Total checkouts Full call number Barcode Date last seen Price effective from Koha item type
    Dewey Decimal Classification     DR AbdElwahab Library DR AbdElwahab Library 03/13/2026   م ن 915.31204 هـ ا ش 000023043 03/13/2026 03/13/2026 كتاب مصور نادر